Osm smrtelných hříchů civilizace /

Hlavní autor: Lorenz, Konrad, 1903-1989
Další autoři: Nováková, Jindřiška, 1954-, Meduna, Jaromír, 1953-
Jazyk: Čeština
Vydáno: [Praha] : Témbr, 2022
Témata:
Fyzický popis: 1 audiodisk (3 hod., 42 min.) ; 12 cm
Zvukové nahrávky
Uloženo v:
LEADER 01989nim a2200589 i 4500
001 001816292
003 CZ BrMZK
005 20220614092811.0
007 sd fungnnmmned
008 220224t20222022xr nnnne z n cze
015 |a cnb003398081 
024 3 |a 8596434011849 
040 |a BOA001  |b cze  |e rda 
041 1 |d cze  |h ger 
072 7 |a 316  |x Sociologie  |2 Konspekt  |9 18 
080 |a 159.95  |2 MRF 
080 |a 316.7+008  |2 MRF 
080 |a 316.42"15/19"  |2 MRF 
080 |a 502.22  |2 MRF 
080 |a 591.5  |2 MRF 
080 |a (049)  |2 MRF 
080 |a (086.7)08  |2 MRF 
080 |a (086.76)  |2 MRF 
100 1 |a Lorenz, Konrad,  |d 1903-1989  |7 jn19990005178  |4 aut 
240 1 0 |a Acht Todsünden der zivilisierten Menschheit.  |l Česky 
245 1 0 |a Osm smrtelných hříchů civilizace /  |c Konrad Lorenz 
264 1 |a [Praha] :  |b Témbr,  |c 2022 
300 |a 1 audiodisk (3 hod., 42 min.) ;  |c 12 cm 
306 |a 034200 
336 |a mluvené slovo  |b spw  |2 rdacontent 
337 |a audio  |b s  |2 rdamedia 
338 |a audiodisk  |b sd  |2 rdacarrier 
344 |a digital  |b optical  |2 rda 
347 |a audio soubor  |b MP3  |2 rda 
500 |a Název z disku 
500 |a Z němčiny přeložil Petr Příhoda 
508 |a Režie Jindřiška Nováková 
511 0 |a Čte Jaromír Meduna 
650 0 7 |a lidské chování  |7 ph117221  |2 czenas 
650 0 7 |a civilizace  |7 ph119248  |2 czenas 
650 0 7 |a moderní společnost  |7 ph122942  |2 czenas 
650 0 7 |a ekologie člověka  |7 ph114420  |2 czenas 
650 0 7 |a etologie  |7 ph114495  |2 czenas 
655 7 |a pojednání  |7 fd133056  |2 czenas 
655 7 |a audioknihy  |7 fd119452  |2 czenas 
655 7 |a kompaktní disky  |7 fd201991  |2 czenas 
700 1 |a Nováková, Jindřiška,  |d 1954-  |7 jn20010601354  |4 drt 
700 1 |a Meduna, Jaromír,  |d 1953-  |7 jx20031124122  |4 nrt 
910 |a BOA001  |b CDR-1483.171 
990 |a AV 
991 |b 202206  |c NOV 
996 6 |b 2610896862  |c CDR-1483.171  |l MZK  |r Sklad / do 24 hodin  |n 1  |p p.v.  |w 001880485  |u 000010  |a 1  |e BOA001  |j MZK50  |s P